Datum a čas kvízu
22.5
Celkem bodů
Celkový počet nahraných bodů na tomto kvízu bez doplňovacích otázek.
4.
Pořadí na kvízu
Konečné umístění týmu na tomto kvízu.
Zaznamenané odpovědi
| # | Otázka | Odpověď | Body | Výsledky |
|---|---|---|---|---|
| 1. | Jedna z cestujících vlakem Čes... | houby | 1 | |
| 2. | Britská televize Sky News minu... | nevysílá zprávy o brexitu | 0 | |
| 3. | Jistá americká herečka si minu... | Jennifer Anistonová | 1 | |
| 4. | Na Mezinárodní vesmírné stanic... | do kosmického prostoru vystoupila poprvé čistě ženská posádka | 0 | |
| 5. | Italský fotbalový klub, který... | Palermo | 0 | |
| 6. | V tomto tématu budeme tak troc... | Gioacchino | 0 | |
| 7. | Zůstaneme ještě u vážné hudby.... | A | 0 | |
| 8. | Současná hvězda stříbrného plá... | B | 1 | |
| 9. | Město, které loni hostilo zimn... | D | 1 | |
| 10. | Zapište správně název zmrzliny... | stracciatella | 1 |